000 00569nam a2200193Ia 4500
005 20250326144838.0
008 250326s9999 xx 000 0 und d
020 _a0-7506-5965-3
037 _aTextbook
040 _aFMSL
_beng
_cFMSL
041 _aeng
_2eng
084 _aX:51 P3
_qFMSL
100 _aMeek H
_9750186
245 0 _aStrategic marketing management : planning and control 2003-2004
_cMeek H; Meek Richard
260 _aBoston
_bBoston, Butterworth Heinemann
_c2003
300 _a289p
942 _cTB
_hX:51 P3
999 _c1305291
_d1305291